| 000 | 00479nam a22001937a 4500 | ||
|---|---|---|---|
| 003 | OSt | ||
| 005 | 20231012133045.0 | ||
| 008 | 231012b |||||||| |||| 00| 0 eng d | ||
| 040 | _cDDC. | ||
| 082 | _a620ROG 2016. | ||
| 100 |
_aRodgers,Martin; _916753 |
||
| 245 | _aHighway Engineering. | ||
| 250 | _a3rd ed. | ||
| 260 |
_aUK, _bWiley Blackwel, _c2016. |
||
| 300 |
_axiii,403p _bill, _c24cm. |
||
| 504 | _aincludes index. | ||
| 650 |
_aEngeneering _916748 |
||
| 942 |
_2ddc _cB_BANK |
||
| 999 |
_c8212 _d8212 |
||